000 00412cam a2200157ua 4500
041 _aeng
_h
082 _a828.09
_bATK/EN
100 _aAtkins, J W H .
245 _aEnglish literary criticism: 17thand 18th centuries /
_cJ W H Atkins.
_hTextual Documents
250 _a1 /
_b.
260 _aLondon :
_bMethuen and Co. Ltd ,
_c1966.
300 _a383 ; .
504 _a
942 _cBK
999 _c12126
_d12126